[Event "Charleroi op"]
[Site "Charleroi"]
[Date "2017.07.29"]
[Round "1"]
[White "Hamblok, Roel"]
[Black "Maugenest, Gonzague"]
[Result "1-0"]
[WhiteElo "2305"]
[BlackElo "2019"]
[PlyCount "33"]
[EventDate "2017.07.29"]
[EventType "swiss"]
[EventRounds "9"]
[EventCountry "BEL"]
[SourceTitle "CBM 179 Extra"]
[Source "ChessBase"]
[SourceDate "2017.08.23"]
[SourceVersion "1"]
[SourceVersionDate "2017.08.23"]
[SourceQuality "1"]

1. d4 Nf6 2. Bf4 c5 3. e3 g6 4. c3 cxd4 5. cxd4 Bg7 6. Nc3 0-0 7. Nf3 a6 8. Be2 d5 9. 0-0 Bd7 10. Qb3 Bc6 11. Ne5 b5 12. Rfc1 Be8 13. a4 bxa4 14. Qb7 Nbd7 15. Nc6 Qb6 16. Nxe7+ Kh8 17. Qxa8 1-0

[Event "Syre Memorial op 33th"]
[Site "Issy les Moulineaux"]
[Date "2010.05.15"]
[Round "3"]
[White "Daurelle, Herve"]
[Black "Maugenest, Gonzague"]
[Result "1-0"]
[WhiteElo "2249"]
[BlackElo "2037"]
[PlyCount "73"]
[EventDate "2010.05.13"]
[EventType "swiss"]
[EventRounds "6"]
[EventCountry "FRA"]
[SourceTitle "EXT 2011"]
[Source "ChessBase"]
[SourceDate "2010.11.26"]
[SourceVersion "1"]
[SourceVersionDate "2010.11.26"]
[SourceQuality "1"]

1. e4 c6 2. c4 d5 3. exd5 cxd5 4. cxd5 Nf6 5. Nc3 Nxd5 6. Nf3 Nc6 7. d4 Bg4 8. Qb3 Bxf3 9. gxf3 e6 10. Qxb7 Nxd4 11. Bb5+ Nxb5 12. Qc6+ Ke7 13. Qxb5 Qd7 14. Nxd5+ Qxd5 15. Qxd5 exd5 16. Bf4 Ke6 17. 0-0-0 Rc8+ 18. Kb1 Rd8 19. Rhe1+ Kf6 20. Re5 d4 21. Ra5 Rd7 22. Be5+ Ke6 23. Rxd4 Rb7 24. Rc4 f6 25. Bd4 Kd7 26. Rxa7 Rxa7 27. Bxa7 Bd6 28. h3 Ra8 29. Be3 Ra5 30. Rd4 Kc6 31. a4 Rf5 32. b4 Rxf3 33. b5+ Kd7 34. Kc2 f5 35. a5 f4 36. Bd2 Rxf2 37. a6 1-0

[Event "Guegnon op"]
[Site "Guegnon"]
[Date "2004.02.29"]
[Round "4"]
[White "Chomet, Pascal"]
[Black "Maugenest, Gonzague"]
[Result "1-0"]
[WhiteElo "2364"]
[BlackElo "1890"]
[PlyCount "47"]
[EventDate "2004.02.28"]
[EventType "swiss"]
[EventRounds "6"]
[EventCountry "FRA"]
[SourceTitle "CBM 099 Extra"]
[Source "ChessBase"]
[SourceDate "2004.05.04"]
[SourceVersion "1"]
[SourceVersionDate "2004.05.04"]
[SourceQuality "1"]

1. e4 e5 2. Nf3 Nc6 3. Bb5 g6 4. d4 exd4 5. Bg5 f6 6. Bh4 a6 7. Bc4 d6 8. c3 Nh6 9. cxd4 Bg7 10. h3 Nf7 11. Nc3 0-0 12. 0-0 Kh8 13. Re1 Bd7 14. a3 Qc8 15. Bg3 Rb8 16. Rc1 b5 17. Bd5 Ne7 18. b4 Rb6 19. Qb3 Nd8 20. Qd1 c5 21. bxc5 dxc5 22. dxc5 Qxc5 23. Na4 Qxc1 24. Qxc1 1-0